000 00833cam a2200325 4500
008 090401t1997 xxu||||| |||| 00| 0 eng d
020 _a0582245214
035 _a(Sirsi) u81735
041 _aeng
050 _a696.9
100 _aBurberry, Peter
245 _aEnvironment and services
250 _a8th ed.
260 _aHarlow, Essex
_bLongman Scientific & Technical
_c1997
300 _a384p. ; 25cm.
350 _a21.99
490 _aMitchell's Building Series
650 _aAIR QUALITY
650 _aBlock management
_96220
650 _aELECTRICITY SUPPLY
650 _aHEAT INSULATION
650 _aLIGHTING
650 _aSEWAGE DISPOSAL
650 _aSOUND INSULATION
650 _aVENTILATION
650 _aWATER SUPPLY
690 _aBlock management
_96220
942 _n0
948 _c29/10/1997
999 _c96742
_d96742